00652nam a2200205Ia 450000500170000000800410001702000210005804000190007904100120009808200180011024500930012826000350022130000150025644000280027150400400029965000180033965100500035770000290040785000100043620230330110722.0131103s9999 xx 000 0 und d a876921012c10.00 aLoreto College aEnglish a822.9109bBRO aModern British dramatistbA collection of critical essays cedited by John Russell Brown aNew DelhibPrentice-Hallc1980 aix,179 p.  aTwentieth century views aIncludes bibliographical references aEnglish Drama a20th Century - Drama - History and Criticism  aBrown, John Russell4ed. aLCLIB